ARRUPE JESUIT UNIVERSITY

CORONAVIRUS -STOP THE SPREAD - CLEAN,DISINFECT,COVER

Witness to justice : (Record no. 121532)

MARC details
000 -LEADER
fixed length control field 01346cam a2200361 i 4500
001 - CONTROL NUMBER
control field 17805174
003 - CONTROL NUMBER IDENTIFIER
control field ARRUPE
005 - DATE AND TIME OF LATEST TRANSACTION
control field 20150806020010.0
008 - FIXED-LENGTH DATA ELEMENTS--GENERAL INFORMATION
fixed length control field 130709s2011 nr a b 001 0 eng d
010 ## - LIBRARY OF CONGRESS CONTROL NUMBER
LC control number 2012526234
016 7# - NATIONAL BIBLIOGRAPHIC AGENCY CONTROL NUMBER
Record control number 015949502
Source Uk
020 ## - INTERNATIONAL STANDARD BOOK NUMBER
International Standard Book Number 9789788135579
020 ## - INTERNATIONAL STANDARD BOOK NUMBER
International Standard Book Number 9788135579
020 ## - INTERNATIONAL STANDARD BOOK NUMBER
International Standard Book Number 9789788135791
020 ## - INTERNATIONAL STANDARD BOOK NUMBER
International Standard Book Number 978813579X
035 ## - SYSTEM CONTROL NUMBER
System control number (OCoLC)ocn776137216
040 ## - CATALOGING SOURCE
Original cataloging agency IXA
Language of cataloging eng
Transcribing agency TEF
Modifying agency UKMGB
-- DLC
Description conventions rda
042 ## - AUTHENTICATION CODE
Authentication code lccopycat
043 ## - GEOGRAPHIC AREA CODE
Geographic area code f-nr---
050 00 - LIBRARY OF CONGRESS CALL NUMBER
Classification number DT515.844
Item number .K85 2011
300 ## - PHYSICAL DESCRIPTION
Other physical details illustrations ;
Dimensions 24 cm
100 1# - MAIN ENTRY--PERSONAL NAME
Personal name Kukah, M. H.
Fuller form of name (Matthew Hassan)
9 (RLIN) 13500
245 10 - TITLE STATEMENT
Title Witness to justice :
Remainder of title an insider's account of Nigeria's Truth Commission /
Statement of responsibility, etc Matthew Hassan Kukah.
300 ## - PHYSICAL DESCRIPTION
Extent xix, 519 pages :
504 ## - BIBLIOGRAPHY, ETC. NOTE
Bibliography, etc Includes bibliographical references and index.
610 10 - SUBJECT ADDED ENTRY--CORPORATE NAME
Corporate name or jurisdiction name as entry element Nigeria.
Subordinate unit Human Rights Violations Investigation Commission.
9 (RLIN) 13501
650 #0 - SUBJECT ADDED ENTRY--TOPICAL TERM
Topical term or geographic name as entry element Truth commissions
Geographic subdivision Nigeria.
9 (RLIN) 13502
650 #0 - SUBJECT ADDED ENTRY--TOPICAL TERM
Topical term or geographic name as entry element Transitional justice
Geographic subdivision Nigeria.
9 (RLIN) 13503
650 #0 - SUBJECT ADDED ENTRY--TOPICAL TERM
Topical term or geographic name as entry element Reconciliation
General subdivision Political aspects
Geographic subdivision Nigeria.
9 (RLIN) 13504
651 #0 - SUBJECT ADDED ENTRY--GEOGRAPHIC NAME
Geographic name Nigeria
General subdivision Politics and government
Chronological subdivision 1993-2007.
9 (RLIN) 13505
906 ## - LOCAL DATA ELEMENT F, LDF (RLIN)
a 7
b cbc
c copycat
d 2
e ncip
f 20
g y-gencatlg
942 ## - ADDED ENTRY ELEMENTS (KOHA)
Source of classification or shelving scheme Library of Congress Classification
Koha item type Monograph ( Printed materials)
Koha issues (borrowed), all copies 6
Holdings
Withdrawn status Lost status Source of classification or shelving scheme Damaged status Not for loan Collection code Home library Current library Shelving location Date acquired Total Checkouts Full call number Barcode Date last seen Date checked out Price effective from Koha item type
    Library of Congress Classification     Main Collection ARRUPE LIBRARY ARRUPE LIBRARY Main Collection 19/12/2014 7 DT515.844 .K85 2011 46500003419 07/12/2017 07/09/2015 19/12/2014 Monograph ( Printed materials)

 

Arrupe Library. PO Box MP320 Mt Pleasant, Harare, Zimbabwe
263 242 745411|librarian@aju.ac.zw